Harry Potter: les Acromentules - Statistiques

Statistiques générales
  • Ce quiz a été pris 59 fois
  • Le résultat moyen est 6 sur 8
Statistiques - réponses
Information Réponse % Correct
Acromentule connue Aragog
100%
Propriétaire Rubeus Hagrid
100%
Lieu de vie de ceux ci Forêt interdite
98%
Première apparition Harry Potter et la Chambre des Secrets
96%
Derniere apparition Harry Potter et les Reliques de la Mort
96%
Apparence Enorme araignée
83%
Acromentule connue Mosag
30%
Ile d'origine Bornéo
11%
Aucun quiz correspondant
Distribution des résultats
% des personnes avec chaque résultat
Percentile par nombre de réponses
Votre historique - résultats
Vous n’avez pas pris ce quiz